000 01137nam a22002777i 4500
999 _c23642
_d23642
003 AR-CdUCM
008 260427b 2023 o|||| |||| 00| 0 spa d
020 _a978-612-319-869-5
040 _aMUNICIPALIDAD PROVINCIAL DEL CUSCO
_cBIBLIOTECA MUNICIPAL DEL CUSCO
041 _hspa
082 _a641.5
_bB67
100 _aBocchio, Giacomo
_952720
245 _aEleva tu juego culinario :
_bRecetas para cocinar en casa como un profesional /
260 _aLima, Perú :
_bEditorial Planeta Perú
_c2023
300 _a201 páginas. :
_c17,5x24,5 cm.
505 _aBases -- Sal dim sum -- Premix de saltado -- Salmuera -- Fumet -- Salsas y guarniciones -- Mayonesa de maicena -- Ají de cocona -- Crema de rocoto -- Salsa golf -- Chicharrón de cerdo -- Chanchito chasiu -- Entradas -- Papa rellena -- Butifarra -- Panetón relleno de helado
650 _aFumet
_952721
650 _aSalsas
_952722
650 _aPostres
_950379
650 _aEntradas
_952723
650 _aFondos
_952724
650 _aSánguches y piqueos
_952725
856 _fwww.planetadelibros.com.pe
942 _2ddc
_cLIBROS
945 _aesh
_d27-04-2026